Решение задач транспортной логистики на основании данных GPS-треков; Молодежь и современные информационные технологии; Т. 2

Библиографические подробности
Источник:Молодежь и современные информационные технологии: сборник трудов XII Всероссийской научно-практической конференции студентов, аспирантов и молодых ученых, г. Томск, 12-14 ноября 2014 г./ Национальный исследовательский Томский политехнический университет (ТПУ), Институт кибернетики (ИК) ; ред. кол. Е. А. Сикора [и др.].— , 2014
Т. 2.— 2014.— [С. 102-103]
Главный автор: Пекарская С. С. Светлана Станиславовна
Автор-организация: Национальный исследовательский Томский политехнический университет (ТПУ) Институт кибернетики (ИК) Кафедра вычислительной техники (ВТ)
Примечания:Заглавие с титульного экрана
Язык:русский
Опубликовано: 2014
Серии:Информационные технологии в производстве и управлении
Предметы:
Online-ссылка:http://earchive.tpu.ru/handle/11683/20247
http://www.lib.tpu.ru/fulltext/c/2014/C04/V2/044.pdf
Формат: MixedMaterials Электронный ресурс Статья
Запись в KOHA:https://koha.lib.tpu.ru/cgi-bin/koha/opac-detail.pl?biblionumber=610807

MARC

LEADER 00000naa2a2200000 4500
001 610807
005 20231101132627.0
035 |a (RuTPU)RU\TPU\conf\8440 
035 |a RU\TPU\conf\8436 
090 |a 610807 
100 |a 20150205d2014 k y0rusy50 ca 
101 0 |a rus 
102 |a RU 
105 |a y z 101zy 
135 |a drgn ---uucaa 
181 0 |a i  
182 0 |a b 
200 1 |a Решение задач транспортной логистики на основании данных GPS-треков  |f С. С. Пекарская 
203 |a Текст  |c электронный 
225 1 |a Информационные технологии в производстве и управлении 
230 |a 1 компьютерный файл (pdf; 233 Kb) 
300 |a Заглавие с титульного экрана 
320 |a [Библиогр.: с. 103 (6 назв.)] 
337 |a Adobe Reader 
461 1 |0 (RuTPU)RU\TPU\conf\7802  |t Молодежь и современные информационные технологии  |o сборник трудов XII Всероссийской научно-практической конференции студентов, аспирантов и молодых ученых, г. Томск, 12-14 ноября 2014 г.  |o в 2 т.  |f Национальный исследовательский Томский политехнический университет (ТПУ), Институт кибернетики (ИК) ; ред. кол. Е. А. Сикора [и др.]  |d 2014 
463 0 |0 (RuTPU)RU\TPU\conf\7813  |t Т. 2  |v [С. 102-103]  |d 2014 
610 1 |a труды учёных ТПУ 
610 1 |a электронный ресурс 
610 1 |a решение задач 
610 1 |a транспортная логистика 
610 1 |a GPS-треки 
610 1 |a дорожные сети 
610 1 |a маршруты 
700 1 |a Пекарская  |b С. С.  |c специалист в области информатики и вычислительной техники  |c программист Томского политехнического университета  |f 1986-  |g Светлана Станиславовна  |2 stltpush  |3 (RuTPU)RU\TPU\pers\30099 
712 0 2 |a Национальный исследовательский Томский политехнический университет (ТПУ)  |b Институт кибернетики (ИК)  |b Кафедра вычислительной техники (ВТ)  |h 126  |2 stltpush  |3 (RuTPU)RU\TPU\col\18699 
801 2 |a RU  |b 63413507  |c 20210322  |g RCR 
856 4 |u http://earchive.tpu.ru/handle/11683/20247 
856 4 |u http://www.lib.tpu.ru/fulltext/c/2014/C04/V2/044.pdf 
942 |c BK